| 000 | 01381cab a22002895a 4500 | ||
|---|---|---|---|
| 001 | L145274 | ||
| 008 | 080923e20080920xxka f g 000 0 eng d | ||
| 035 | _a(Sirsi) u145274 | ||
| 041 | 0 | _aeng | |
| 100 | 1 | _aEdwards, Simon | |
| 245 | 0 | 0 | _aHands out of pockets |
| 260 | _c2008 | ||
| 490 |
_aEstates Gazette _v(0837) 20 September 2008, 140-142(3) |
||
| 520 | _aIn this article, the authors state that the misrepresentation found in commercial dilapidations claims is fraud and must be eradicated. Explores the legislative background and the tendency to exaggerate on such claims. The conflicts found where professionals provide expert opinions for a fee are also discussed, as are RICS measures to prevent fraud and the need to move forwards to a new era of fraud prevention. | ||
| 590 | _aKA | ||
| 650 | 2 | 4 | _aBRITISH WESTINGHOUSE ELECTRIC & MANUFACTURING CO LTD V UNDERGROUND ELECTRIC RAILWAYS CO OF LONDON LTD (NO 2) |
| 650 | 2 | 4 | _aDERRY V PEEK |
| 650 | 2 | 4 | _aABBEY NATIONAL MORTGAGES PLC AND OTHERS V KEY SURVEYORS NATIONWIDE LTD |
| 650 | 2 | 4 | _aARMCHAIR PASSENGER TRANSPORT LTD V HELICAL BAR PLC |
| 650 | 2 | 4 | _aMULTI-MEDIA PRODUCTIONS LTD V SECRETARY OF STATE FOR THE ENVIRONMENT |
| 650 | 2 | 4 | _aTOTH V JARMAN |
| 651 | 4 |
_aUnited Kingdom _y |
|
| 690 | _aPROPERTY-LANDLORD AND TENANT-DILAPIDATIONS | ||
| 700 | 1 | _aFirn, Keith | |
| 700 | 1 | _aStell, Patrick | |
| 942 | _n0 | ||
| 999 |
_c80757 _d80757 |
||